KAHANI EK PARIWAR KI (Record no. 20276)

MARC details
000 -LEADER
fixed length control field 00239nam a22001217a 4500
003 - CONTROL NUMBER IDENTIFIER
control field SGT
082 ## - DEWEY DECIMAL CLASSIFICATION NUMBER
Item number DAS
100 ## - MAIN ENTRY--PERSONAL NAME
Personal name DAS, GURUCHARAN
245 ## - TITLE STATEMENT
Title KAHANI EK PARIWAR KI
260 ## - PUBLICATION, DISTRIBUTION, ETC. (IMPRINT)
Place of publication, distribution, etc DELHI
Name of publisher, distributor, etc PP
Year of Publication 2005
300 ## - PAGE DESCRIPTION
No. of Pages 396
942 ## - ADDED ENTRY ELEMENTS (KOHA)
Source of classification or shelving scheme Dewey Decimal Classification
Koha item type Books
Holdings
Withdrawn status Lost status Source of classification or shelving scheme Damaged status Not for loan Collection code Home library Current library Date acquired SGTU Total Checkouts Full call number Accession No. (Barcode) Date last seen Date last borrowed Bill Date Koha item type
    Dewey Decimal Classification     MASS COMMUNICATION SGT Science & Social Sciences Library SGT Science & Social Sciences Library 11/07/2020 SGTU 1 DAS MC691 25/07/2025 07/06/2025 11/07/2020 Books